00451nam a2200157Ia 4500008004100000020001800041041001200059082001900071100005900090245003400149250001200183260003600195300002500231300001000256650002700266231221s9999 xx 000 0 und d a9780000000000 aEnglish a574.872 ALB;1 aAlberts, Bruce. Johnson, Alexander. Lewis, Julian etc. 0aMolecular biology of the cell a5th ed. c2008bGarland ScienceaNew York axxxii,1268+G.40+I-49 cPU442 aMolecular,biology,cell